[Event "19th EUR-ch"]
[Site "Batumi GEO"]
[Date "2018.03.27"]
[Round "10.78"]
[White "Muradli, Mahammad"]
[Black "Triapishko, Alexandr"]
[Result "1-0"]
[WhiteElo "2398"]
[BlackElo "2530"]
[EventDate "2018.03.17"]
[PlyCount "121"]

1.d4 Nf6 2.c4 g6 3.Nc3 d5 4.Bg5 Bg7 5.Nf3 Ne4 6.Bh4 Nxc3 7.bxc3 dxc4 8.
Qa4+ c6 9.Qxc4 Qa5 10.e3 Be6 11.Qd3 Nd7 12.Qd2 Rd8 13.Be2 Nf6 14.Qc2 Ne4 
15.Rc1 g5 16.Bg3 Nxg3 17.hxg3 h5 18.Nd2 g4 19.Bd3 Bd5 20.Be4 e6 21.Nb3 Qa3
22.Bxd5 exd5 23.Nc5 b6 24.Nd3 Rd6 25.c4 dxc4 26.Qxc4 Rdh6 27.Ke2 b5 28.Qb3
Qe7 29.d5 O-O 30.Rxc6 Qe4 31.Rxh6 Bxh6 32.Rxh5 Bg7 33.d6 Rd8 34.Qxb5 Qe6 
35.Qd5 Qc8 36.Qc5 Qa6 37.Qd5 Bf6 38.Rg5+ Kf8 39.Rxg4 Rxd6 40.Qc4 Qa5 41.a4
Qh5 42.Qf4 Qd5 43.Qe4 Qa2+ 44.Kf3 Qb3 45.Nc1 Qd1+ 46.Ne2 a5 47.Qc4 Be5 48.
Qc5 Qd5+ 49.Qxd5 Rxd5 50.Rc4 Bd6 51.Rd4 Rf5+ 52.Nf4 Bb4 53.g4 Rf6 54.g5 
Rc6 55.Nd3 Bc3 56.Rd5 Rb6 57.Rb5 Rd6 58.Ke2 Ra6 59.f4 Ke7 60.g4 Kd6 61.e4 
1-0

[Event "19th EUR-ch"]
[Site "Batumi GEO"]
[Date "2018.03.27"]
[Round "10.79"]
[White "Bashirli, Nail"]
[Black "Kantans, Toms"]
[Result "0-1"]
[WhiteElo "2384"]
[BlackElo "2508"]
[EventDate "2018.03.17"]
[PlyCount "108"]

1.e4 c5 2.Nf3 d6 3.Nc3 a6 4.d4 cxd4 5.Nxd4 Nf6 6.Be2 g6 7.O-O Bg7 8.Bg5 
O-O 9.Qd2 b5 10.Bf3 Bb7 11.Bxf6 Bxf6 12.e5 dxe5 13.Bxb7 Ra7 14.Nf3 Rxb7 
15.Qe3 Nc6 16.Rad1 Qc8 17.Rd5 Rd8 18.Rxd8+ Qxd8 19.Ne4 Qd5 20.a3 Rd7 21.c3
Kg7 22.Re1 Na5 23.g4 Nc4 24.Qe2 Kg8 25.b3 Nb6 26.h3 Bg7 27.b4 Nc4 28.Nc5 
Rd6 29.Ne4 Rd8 30.Nc5 h6 31.a4 bxa4 32.Nxa4 Qd3 33.Kg2 f5 34.Nh4 Bf6 35.
Nxg6 fxg4 36.Qxd3 Rxd3 37.hxg4 Kg7 38.Re4 Nd6 39.Nxe5 Rd5 40.Rc4 Bxe5 41.
Rc6 Rd2 42.Rxa6 Ne4 43.Kf3 Nxc3 44.Nc5 Bf6 45.Ke3 Rb2 46.Nd3 Rb3 47.Kd2 
Nd5 48.Ra4 Bg5+ 49.f4 Nxf4 50.Nxf4 Bxf4+ 51.Kc2 Rg3 52.b5 Rxg4 53.b6 h5 
54.b7 Bd6 0-1

[Event "19th EUR-ch"]
[Site "Batumi GEO"]
[Date "2018.03.27"]
[Round "10.80"]
[White "Shengelia, David"]
[Black "Mirzoev, Emil"]
[Result "1-0"]
[WhiteElo "2508"]
[BlackElo "2405"]
[EventDate "2018.03.17"]
[PlyCount "79"]

1.g3 g6 2.d4 Bg7 3.Bg2 d6 4.Nc3 Nf6 5.e4 O-O 6.Nge2 e5 7.h3 c6 8.Be3 Nbd7 
9.O-O b5 10.d5 cxd5 11.Nxd5 Bb7 12.Nec3 a6 13.a4 Qb8 14.axb5 axb5 15.Qd3 
b4 16.Nxb4 Rxa1 17.Rxa1 Bxe4 18.Nxe4 Qxb4 19.Nxd6 Qxb2 20.Ra7 Qb1+ 21.Kh2 
h5 22.Bc6 e4 23.Nxe4 Ne5 24.Nxf6+ Bxf6 25.Qe4 h4 26.g4 Rc8 27.Ra8 Rxa8 28.
Bxa8 Qb8 29.Kg2 g5 30.Bd5 Kg7 31.Qf5 Ng6 32.Be4 Nf4+ 33.Kf3 Ne6 34.Kg2 
Nf4+ 35.Kf3 Ne6 36.Ke2 Qh2 37.Qh7+ Kf8 38.Bd5 Qxh3 39.Bc5+ Ke8 40.Qg8+ 1-0

[Event "19th EUR-ch"]
[Site "Batumi GEO"]
[Date "2018.03.27"]
[Round "10.81"]
[White "Polivanov, Anatoliy"]
[Black "Golubov, Saveliy"]
[Result "1/2-1/2"]
[WhiteElo "2383"]
[BlackElo "2495"]
[EventDate "2018.03.17"]
[PlyCount "32"]

1.d4 Nf6 2.c4 g6 3.Nc3 Bg7 4.e4 d6 5.Bg5 h6 6.Bf4 Nc6 7.d5 Ne5 8.Be2 e6 9.
Nf3 Nxf3+ 10.Bxf3 O-O 11.Qd2 g5 12.Be3 exd5 13.cxd5 Re8 14.O-O Bg4 15.Bxg4
Nxg4 16.Bd4 Nf6 1/2-1/2

[Event "19th EUR-ch"]
[Site "Batumi GEO"]
[Date "2018.03.27"]
[Round "10.82"]
[White "Flom, Gabriel"]
[Black "Kacharava, Nikolozi"]
[Result "0-1"]
[WhiteElo "2493"]
[BlackElo "2362"]
[EventDate "2018.03.17"]
[PlyCount "91"]

1.d4 d6 2.Nf3 Nf6 3.c4 g6 4.Nc3 Bf5 5.Ng5 Bg7 6.e4 Bd7 7.f4 e5 8.fxe5 dxe5
9.d5 Na6 10.Bd3 Nc5 11.Bc2 a5 12.O-O O-O 13.Kh1 b6 14.Nf3 Ne8 15.Be3 Nd6 
16.Qe2 f5 17.Nd2 f4 18.Bxc5 bxc5 19.Qf2 g5 20.Qxc5 g4 21.Nb5 Nxb5 22.cxb5 
Rf6 23.g3 fxg3 24.hxg3 Rh6+ 25.Kg2 Qg5 26.Nc4 Rf8 27.Qe3 Qh5 28.Rh1 Qg6 
29.Nxe5 Qf6 30.Rxh6 Qxe5 31.Rf1 Rxf1 32.Kxf1 Bxb5+ 33.Ke1 Bxh6 34.Qxh6 
Qxg3+ 35.Kd2 Qg2+ 36.Kc3 Qh3+ 37.Qxh3 gxh3 38.e5 Bf1 39.Bf5 Bg2 40.Bxh3 
Bxh3 41.b4 Bg2 42.d6 cxd6 43.exd6 axb4+ 44.Kxb4 Kf7 45.Kc5 Ke6 46.Kd4 0-1

[Event "19th EUR-ch"]
[Site "Batumi GEO"]
[Date "2018.03.27"]
[Round "10.83"]
[White "Krykun, Yuriy"]
[Black "Goryachkina, Aleksandra"]
[Result "1/2-1/2"]
[WhiteElo "2340"]
[BlackElo "2491"]
[EventDate "2018.03.17"]
[PlyCount "84"]

1.d4 d5 2.c4 e6 3.Nc3 Nf6 4.Nf3 c6 5.e3 Nbd7 6.Qc2 Bd6 7.Bd3 O-O 8.O-O 
dxc4 9.Bxc4 e5 10.h3 Qe7 11.Bb3 a5 12.a3 Bc7 13.Bd2 h6 14.Nh4 Rd8 15.Nf5 
Qf8 16.Rad1 exd4 17.exd4 Nb6 18.Rfe1 Bxf5 19.Qxf5 Qd6 20.Ne4 Qh2+ 21.Kf1 
Nfd5 22.Qf3 Re8 23.Ng3 Re6 24.Rxe6 fxe6 25.Qg4 Kh8 26.Nh5 Rg8 27.Qg6 Ne7 
28.Qxe6 Nbd5 29.Qg4 g6 30.Ng3 Nf5 31.Bxd5 Nxg3+ 32.fxg3 cxd5 33.Bxh6 Bxg3 
34.Qf3 Kh7 35.Qf7+ Kxh6 36.Qxg8 Qh1+ 37.Ke2 Qxg2+ 38.Kd3 Qf3+ 39.Kc2 Qe4+ 
40.Rd3 Qe2+ 41.Rd2 Qe4+ 42.Rd3 Qe2+ 1/2-1/2

[Event "19th EUR-ch"]
[Site "Batumi GEO"]
[Date "2018.03.27"]
[Round "10.84"]
[White "Bellaiche, Anthony"]
[Black "Martynov, Roman"]
[Result "1/2-1/2"]
[WhiteElo "2485"]
[BlackElo "2319"]
[EventDate "2018.03.17"]
[PlyCount "91"]

1.d4 Nf6 2.c4 e6 3.Nc3 Bb4 4.Qc2 O-O 5.a3 Bxc3+ 6.Qxc3 b6 7.Nf3 c5 8.dxc5 
bxc5 9.Bg5 a5 10.e3 d6 11.Rd1 Ra6 12.Nd2 Nbd7 13.Be2 Bb7 14.O-O Qa8 15.f3 
a4 16.Qc2 Rb6 17.e4 h6 18.Bf4 e5 19.Be3 Rb8 20.Nb1 Bc6 21.Bc1 Nf8 22.Qc3 
Ne6 23.Rxd6 Nd4 24.Bd1 Ne8 25.Rd5 Bxd5 26.cxd5 Nd6 27.Nd2 Qa6 28.Re1 f6 
29.h3 Rc8 30.Kh2 c4 31.Nb1 N6b5 32.Qe3 Nb3 33.Bd2 Nxd2 34.Qxd2 Rcb8 35.Nc3
Nxc3 36.bxc3 Rb2 37.Qe3 Ra2 38.Qc5 Qc8 39.Qe7 Qf8 40.Qe6+ Qf7 41.Bxa4 Rxa3
42.Bc6 Ra6 43.Rb1 Rxb1 44.Qc8+ Qf8 45.Qxa6 Qc5 46.Qc8+ 1/2-1/2

[Event "19th EUR-ch"]
[Site "Batumi GEO"]
[Date "2018.03.27"]
[Round "10.85"]
[White "Demianjuk, Alexander"]
[Black "Stefanova, Antoaneta"]
[Result "0-1"]
[WhiteElo "2313"]
[BlackElo "2481"]
[EventDate "2018.03.17"]
[PlyCount "104"]

1.d4 d5 2.c4 e6 3.Nf3 c6 4.Nc3 dxc4 5.a4 Bb4 6.Bd2 Nf6 7.e3 c5 8.dxc5 Nc6 
9.Bxc4 O-O 10.O-O Bxc5 11.e4 Ng4 12.Bf4 Qf6 13.Bg3 b6 14.Bb5 Bb7 15.a5 
Rad8 16.Qe2 Nge5 17.Nxe5 Nxe5 18.Qh5 Ng6 19.a6 Ba8 20.Rad1 Bd4 21.Qe2 Qe7 
22.Kh1 Qb4 23.f3 e5 24.Qc4 Qxc4 25.Bxc4 Rc8 26.Be2 Bc6 27.Nb5 Bxb5 28.Bxb5
Rc5 29.Be2 Rc2 30.Bd3 Rxb2 31.Rc1 Bc5 32.Bc4 Rd8 33.Be1 Bd4 34.Bd5 Nf4 35.
Bh4 Rf8 36.Be7 Re8 37.Rc7 b5 38.g3 Bb6 39.Rb7 Ne6 40.Ba3 Rc2 41.f4 exf4 
42.Rxf4 b4 43.Bxb4 Nxf4 44.Bxf7+ Kh8 45.gxf4 Rec8 46.Bd5 h5 47.Be6 Rd8 48.
Bd5 Bd4 49.Ba3 Rf2 50.f5 h4 51.Rb3 Rc8 52.Rh3 Rf1+ 0-1

[Event "19th EUR-ch"]
[Site "Batumi GEO"]
[Date "2018.03.27"]
[Round "10.86"]
[White "Gvetadze, Sofio"]
[Black "Kanmazalp, Ogulcan"]
[Result "0-1"]
[WhiteElo "2308"]
[BlackElo "2473"]
[EventDate "2018.03.17"]
[PlyCount "112"]

1.e4 e5 2.Nf3 Nc6 3.Nc3 Nf6 4.Bb5 Bb4 5.O-O O-O 6.d3 Bxc3 7.bxc3 d6 8.Bg5 
Qe7 9.Re1 a6 10.Bxc6 bxc6 11.d4 a5 12.Nd2 h6 13.Bh4 Qe6 14.Qf3 Nd7 15.Nf1 
Nb6 16.Ne3 f6 17.Bg3 Qf7 18.Qe2 Ba6 19.Qd1 Nc4 20.f4 Nxe3 21.Rxe3 exf4 22.
Bxf4 Bc4 23.Rg3 Kh7 24.Qf3 a4 25.a3 Rab8 26.Re1 Rb5 27.h4 Qh5 28.Qxh5 Rxh5
29.Rh3 Rb5 30.g3 Rb2 31.Rh2 Ra2 32.Bc1 Rb8 33.Rd2 Rb1 34.e5 fxe5 35.dxe5 
dxe5 36.Kf2 Be6 37.Rxe5 Rxc1 38.Rxe6 Rcxc2 39.Rxc2 Rxc2+ 40.Kf3 Rxc3+ 41.
Kg4 Kg8 42.Re4 Rxa3 43.Rc4 Kf7 44.Rxc6 Re3 45.Ra6 a3 46.Ra7 Rc3 47.Kh5 
Rc5+ 48.Kg4 h5+ 49.Kf4 Rc3 50.Kg5 Rxg3+ 51.Kxh5 Rc3 52.Ra5 Ke6 53.Kg6 Rg3+
54.Kh5 g6+ 55.Kh6 Kd6 56.Ra7 c5 0-1

[Event "19th EUR-ch"]
[Site "Batumi GEO"]
[Date "2018.03.27"]
[Round "10.87"]
[White "Firat, Burak"]
[Black "Oboladze, Luka"]
[Result "0-1"]
[WhiteElo "2453"]
[BlackElo "2318"]
[EventDate "2018.03.17"]
[PlyCount "120"]

1.e4 c5 2.Nf3 e6 3.d4 cxd4 4.Nxd4 a6 5.c4 Nf6 6.Nc3 Bb4 7.f3 O-O 8.Be2 d6 
9.Nc2 Bc5 10.Be3 Bxe3 11.Nxe3 Qb6 12.Qd2 Nc6 13.O-O-O e5 14.Nc2 Rd8 15.h4 
Be6 16.g4 Qc5 17.h5 b5 18.g5 Ne8 19.Nd5 bxc4 20.Qe3 Bxd5 21.Rxd5 Qxe3+ 22.
Nxe3 Nc7 23.Rdd1 Ne6 24.g6 hxg6 25.hxg6 fxg6 26.Bxc4 Kf7 27.Rhg1 Nd4 28.
Kb1 a5 29.Rdf1 Rac8 30.b3 g5 31.Nf5 Kf6 32.Bxe6 Nxe6 33.Rd1 d5 34.Ne3 dxe4
35.fxe4 Nf4 36.Rxd8 Rxd8 37.Rc1 Rd4 38.Rc6+ Ne6 39.Ng4+ Ke7 40.Rc4 Rxc4 
41.bxc4 Nc5 42.Nxe5 Ke6 43.Ng4 Nxe4 44.Kc2 Kf5 45.Ne3+ Ke5 46.Kd3 Nc5+ 47.
Ke2 Ke4 48.Nf1 Kd4 49.Nd2 a4 50.Nf3+ Kxc4 51.Nxg5 Kc3 52.Nf3 Kb2 53.Kd2 
Kxa2 54.Kc2 Ka3 55.Kc3 Ne4+ 56.Kd4 Kb2 57.Ne5 Nd6 58.Kd5 a3 59.Nd3+ Kb1 
60.Nb4 Ne8 0-1

[Event "19th EUR-ch"]
[Site "Batumi GEO"]
[Date "2018.03.27"]
[Round "10.88"]
[White "Mindlin, Alon"]
[Black "Qalagashvili, Pridon"]
[Result "1-0"]
[WhiteElo "2442"]
[BlackElo "2153"]
[EventDate "2018.03.17"]
[PlyCount "117"]

1.d4 c5 2.d5 e5 3.c4 d6 4.Nc3 Nf6 5.e4 g6 6.f3 Bg7 7.Be3 Na6 8.Qd2 Bd7 9.
Bd3 Nc7 10.a3 O-O 11.Nge2 Nfe8 12.O-O Qe7 13.Rae1 Rb8 14.b4 b6 15.Bc2 Bc8 
16.Ba4 Ba6 17.Bxe8 Rbxe8 18.b5 Bc8 19.a4 f5 20.exf5 gxf5 21.f4 e4 22.a5 
Na8 23.Ra1 Kh8 24.Ra3 bxa5 25.Rxa5 Nb6 26.Qa2 Rf7 27.Qb3 Rg8 28.Ng3 Qf6 
29.Ra3 Qg6 30.Nce2 h5 31.Rf2 h4 32.Nf1 Bf6 33.Bd2 Rfg7 34.Bc3 Kh7 35.Ne3 
Rc7 36.Qa2 Rgg7 37.Nf1 Kg8 38.Qa1 Nd7 39.Rxa7 Rxa7 40.Qxa7 Bxc3 41.Nxc3 
Kh7 42.Qc7 Qf6 43.Nd1 Qf8 44.Qa5 Nf6 45.Qa1 Nh5 46.Nde3 Qf7 47.Qa8 Qb7 48.
Qa5 Qe7 49.b6 Qf6 50.Qa8 Bb7 51.Qe8 Qg6 52.Qd8 h3 53.g3 Rf7 54.Qh4 Kg8 55.
Qxh3 Bc8 56.Qh4 Nf6 57.Ra2 Nd7 58.Qd8+ Rf8 59.Qc7 1-0

[Event "19th EUR-ch"]
[Site "Batumi GEO"]
[Date "2018.03.27"]
[Round "10.89"]
[White "Manafov, Vugar"]
[Black "Zavhorodnii, Serhii"]
[Result "0-1"]
[WhiteElo "2263"]
[BlackElo "2430"]
[EventDate "2018.03.17"]
[PlyCount "94"]

1.Nf3 Nf6 2.g3 d6 3.d4 Nbd7 4.Bg2 e5 5.c4 c6 6.Nc3 e4 7.Ng5 d5 8.cxd5 cxd5
9.Nh3 Be7 10.f3 exf3 11.exf3 O-O 12.O-O Nb6 13.Nf4 h6 14.g4 a6 15.h3 Nc4 
16.b3 Na3 17.Be3 Re8 18.Nd3 Qa5 19.Qd2 Bd7 20.Rac1 Rac8 21.Rfe1 Bd6 22.Ne4
Qxd2 23.Nxf6+ gxf6 24.Bxd2 Bb5 25.Nc5 b6 26.Rxe8+ Rxe8 27.Bb4 Bf4 28.Rd1 
Nc2 29.Bd2 Be3+ 30.Bxe3 Nxe3 31.Rc1 Nxg2 32.Kxg2 bxc5 33.a4 Re2+ 34.Kg3 
Bxa4 35.bxa4 c4 36.Rd1 Ra2 37.Rb1 Rxa4 38.Kf4 Kg7 39.Rb6 c3 40.Ke3 Rc4 41.
Rb1 f5 42.Kd3 c2 43.Rc1 fxg4 44.fxg4 Kg6 45.h4 h5 46.gxh5+ Kxh5 47.Kd2 a5 
0-1

[Event "19th EUR-ch"]
[Site "Batumi GEO"]
[Date "2018.03.27"]
[Round "10.90"]
[White "Alexandrov, Alexei"]
[Black "Voit, Daria"]
[Result "1-0"]
[WhiteElo "2630"]
[BlackElo "2382"]
[EventDate "2018.03.17"]
[PlyCount "53"]

1.d4 Nf6 2.c4 e6 3.Nc3 Bb4 4.e3 b6 5.Ne2 Bb7 6.a3 Be7 7.Ng3 d5 8.cxd5 Nxd5
9.Bb5+ c6 10.Bd3 O-O 11.O-O Nxc3 12.bxc3 c5 13.Qe2 Qc8 14.Bb2 Nd7 15.e4 
cxd4 16.cxd4 Nf6 17.f4 Qd7 18.f5 Rad8 19.e5 Ne8 20.f6 Bc5 21.Rf4 g6 22.Rd1
Nc7 23.dxc5 bxc5 24.Rff1 Qc6 25.Be4 Qb6 26.Bxb7 Qxb7 27.Ne4 1-0

[Event "19th EUR-ch"]
[Site "Batumi GEO"]
[Date "2018.03.27"]
[Round "10.91"]
[White "Ruck, Robert"]
[Black "Tokranovs, Dmitrijs"]
[Result "1/2-1/2"]
[WhiteElo "2529"]
[BlackElo "2375"]
[EventDate "2018.03.17"]
[PlyCount "81"]

1.Nf3 Nf6 2.c4 e6 3.g3 b6 4.Bg2 Bb7 5.O-O c5 6.Nc3 Be7 7.Re1 d5 8.cxd5 
Nxd5 9.e4 Nxc3 10.bxc3 O-O 11.d4 cxd4 12.cxd4 Nd7 13.Bb2 a5 14.Rb1 Bb4 15.
Re3 Rc8 16.a3 Be7 17.d5 exd5 18.exd5 Bc5 19.Rd3 Re8 20.Bh3 Qc7 21.d6 Qc6 
22.Bg2 Re4 23.Qf1 Rce8 24.Nd2 Bxf2+ 25.Qxf2 Re1+ 26.Rxe1 Rxe1+ 27.Nf1 
Qxg2+ 28.Qxg2 Bxg2 29.Kxg2 Re2+ 30.Kf3 Rxb2 31.Re3 Kf8 32.Re7 Nc5 33.Rc7 
f6 34.Ne3 Rb3 35.Ke2 Rxa3 36.Nd5 Ra2+ 37.Ke3 Ra3+ 38.Ke2 Ra2+ 39.Ke3 Ra3+ 
40.Kd4 Ra4+ 41.Ke3 1/2-1/2

[Event "19th EUR-ch"]
[Site "Batumi GEO"]
[Date "2018.03.27"]
[Round "10.92"]
[White "Fernandez, Daniel Howard"]
[Black "Torosian, Norayr"]
[Result "0-1"]
[WhiteElo "2505"]
[BlackElo "2371"]
[EventDate "2018.03.17"]
[PlyCount "84"]

1.Nc3 e5 2.Nf3 Nc6 3.d4 exd4 4.Nxd4 Nf6 5.g3 Bc5 6.Nb3 Bb6 7.Bg2 a5 8.e4 
a4 9.Nd2 O-O 10.Nc4 Bc5 11.O-O Re8 12.a3 d6 13.Be3 Be6 14.Nd5 Bxe3 15.
Ncxe3 Bxd5 16.exd5 Ne5 17.Re1 Qd7 18.Qd4 Re7 19.b3 axb3 20.cxb3 Rae8 21.
Qc3 h5 22.h3 Ng6 23.h4 Ne5 24.a4 Nfg4 25.b4 Nxe3 26.Rxe3 Ng4 27.Rxe7 Rxe7 
28.Bf3 Qf5 29.Kg2 Re2 30.Rf1 Ne3+ 31.Qxe3 Rxe3 32.fxe3 Qc2+ 33.Kh3 g6 34.
a5 Qb2 35.g4 hxg4+ 36.Bxg4 Qxb4 37.h5 Qxa5 38.hxg6 fxg6 39.Be6+ Kg7 40.Kg4
Qc3 41.e4 b5 42.Rf3 Qe5 0-1

[Event "19th EUR-ch"]
[Site "Batumi GEO"]
[Date "2018.03.27"]
[Round "10.93"]
[White "Mirzoyan, David"]
[Black "Kobo, Ori"]
[Result "1-0"]
[WhiteElo "2350"]
[BlackElo "2500"]
[EventDate "2018.03.17"]
[PlyCount "95"]

1.d4 Nf6 2.Nf3 g6 3.c4 Bg7 4.Nc3 d5 5.Bg5 Ne4 6.Bf4 Nxc3 7.bxc3 dxc4 8.e3 
Be6 9.Qb1 b6 10.Ng5 Bd5 11.e4 h6 12.Nf3 Be6 13.Qc1 c6 14.Be2 Nd7 15.Qe3 b5
16.a4 a6 17.O-O Nf6 18.Ne5 Qc8 19.h3 Nd7 20.Nxc6 Qxc6 21.d5 Qb7 22.dxe6 
fxe6 23.e5 Nb6 24.Bg4 Kf7 25.Bg3 Rhf8 26.axb5 axb5 27.Rxa8 Rxa8 28.Qf4+ 
Kg8 29.Bxe6+ Kh7 30.Bg4 Rd8 31.Bf3 Nd5 32.Qf7 Qd7 33.Be4 Nxc3 34.Qxg6+ Kg8
35.Bf5 Qd4 36.Be6+ Kh8 37.Bf5 Kg8 38.Qh7+ Kf7 39.e6+ Kf8 40.Bg6 Nd5 41.Bc2
Qf6 42.Re1 Qg5 43.h4 Qg4 44.Re4 Nf6 45.Rxg4 Nxh7 46.Bxh7 Rd1+ 47.Kh2 Rc1 
48.Bf4 1-0

[Event "19th EUR-ch"]
[Site "Batumi GEO"]
[Date "2018.03.27"]
[Round "10.94"]
[White "Girya, Olga"]
[Black "Arabidze, Meri"]
[Result "1/2-1/2"]
[WhiteElo "2482"]
[BlackElo "2369"]
[EventDate "2018.03.17"]
[PlyCount "90"]

1.d4 d5 2.Nf3 Nf6 3.c4 dxc4 4.e3 Bg4 5.Bxc4 e6 6.O-O Nbd7 7.Nbd2 c5 8.Qb3 
Qc7 9.h3 Bh5 10.e4 cxd4 11.Nxd4 a6 12.Re1 Bc5 13.N2f3 Qb6 14.Qxb6 Nxb6 15.
Bf1 Nbd7 16.Nb3 Ba7 17.Bf4 Bxf3 18.gxf3 Bb8 19.Be3 O-O 20.Rac1 Ne5 21.Be2 
Ng6 22.Na5 b5 23.Nc6 Bf4 24.Ne7+ Nxe7 25.Bxf4 Ng6 26.Be3 Nh5 27.Red1 Nhf4 
28.Bf1 e5 29.Rd6 Nh4 30.Bxf4 exf4 31.Be2 Rac8 32.Rdc6 Rxc6 33.Rxc6 g5 34.
Kf1 Rd8 35.Ke1 Ng2+ 36.Kf1 Nh4 37.Rxa6 Rd2 38.Ra5 Rxb2 39.Rxb5 Rxa2 40.
Rxg5+ Kf8 41.Bd1 Ra1 42.Ke2 Ra2+ 43.Ke1 Ra1 44.Kd2 Ra2+ 45.Ke1 Ra1 1/2-1/2

[Event "19th EUR-ch"]
[Site "Batumi GEO"]
[Date "2018.03.27"]
[Round "10.95"]
[White "Tsoi, Dmitry"]
[Black "Jurcik, Marian"]
[Result "0-1"]
[WhiteElo "2347"]
[BlackElo "2473"]
[EventDate "2018.03.17"]
[PlyCount "114"]

1.c4 e5 2.Nc3 Nf6 3.Nf3 Nc6 4.e3 Be7 5.Qb3 O-O 6.Be2 b6 7.O-O Bb7 8.Rd1 
Re8 9.d3 Bf8 10.a3 a5 11.h3 h6 12.Rb1 d6 13.Bd2 Qc8 14.Nd5 Nd7 15.Qc2 Ne7 
16.e4 a4 17.Nh4 Nc5 18.Rf1 Qd8 19.g3 c6 20.Nxe7+ Bxe7 21.Nf5 Bc8 22.g4 d5 
23.Bc3 Bg5 24.Rbd1 g6 25.Ng3 d4 26.Bd2 Ne6 27.Bf3 Bxd2 28.Rxd2 Qh4 29.Bg2 
h5 30.gxh5 Nf4 31.Qd1 Nxg2 32.Kxg2 Bxh3+ 33.Kg1 Bxf1 34.Kxf1 Re6 35.Kg2 
Rf6 36.Qe2 Rf4 37.Rd1 Qg5 38.Rh1 Rh4 39.Rxh4 Qxh4 40.Qd1 Qg5 41.hxg6 fxg6 
42.b3 c5 43.bxa4 Rf8 44.Qe2 Rf7 45.Qb2 Qg4 46.Qd2 Qf3+ 47.Kg1 Rf4 48.Nf1 
Kg7 49.Ng3 Kf6 50.Nf1 Rg4+ 51.Ng3 Rxg3+ 52.fxg3 Qxg3+ 53.Kf1 Qf3+ 54.Kg1 
Qe3+ 55.Qxe3 dxe3 56.Kg2 Kg5 57.Kf3 e2 0-1

[Event "19th EUR-ch"]
[Site "Batumi GEO"]
[Date "2018.03.27"]
[Round "10.96"]
[White "Ahmadzada, Ahmad"]
[Black "Draskovic, Luka"]
[Result "1/2-1/2"]
[WhiteElo "2283"]
[BlackElo "2447"]
[EventDate "2018.03.17"]
[PlyCount "48"]

1.c4 g6 2.Nc3 Bg7 3.g3 d6 4.Bg2 Nf6 5.e4 e5 6.Nge2 Nc6 7.d3 Nd7 8.O-O O-O 
9.Be3 Nd4 10.f4 Nc5 11.b4 Nxe2+ 12.Nxe2 exf4 13.Bd4 Bxd4+ 14.Nxd4 Ne6 15.
Nxe6 fxe6 16.gxf4 e5 17.Qd2 Be6 18.Rf2 exf4 19.Rxf4 Rxf4 20.Qxf4 Qf8 21.
Qxf8+ Kxf8 22.Re1 c6 23.e5 dxe5 24.Rxe5 Bf5 1/2-1/2

[Event "19th EUR-ch"]
[Site "Batumi GEO"]
[Date "2018.03.27"]
[Round "10.97"]
[White "Vykouk, Jan"]
[Black "Danielyan, Vahe"]
[Result "0-1"]
[WhiteElo "2445"]
[BlackElo "2331"]
[EventDate "2018.03.17"]
[PlyCount "80"]

1.e4 e5 2.Nf3 Nc6 3.Bb5 Nf6 4.d3 Bc5 5.O-O d6 6.c3 O-O 7.Nbd2 a6 8.Ba4 Ba7
9.h3 Ne7 10.d4 Ng6 11.Bc2 Re8 12.dxe5 dxe5 13.Nc4 Qe7 14.Ne3 Nf4 15.Qe1 g6
16.Nc4 N6h5 17.Ncxe5 Qf6 18.Bxf4 Nxf4 19.Nc4 Nxh3+ 20.Kh1 Bg4 21.Nd4 Nf4 
22.f3 Bd7 23.Ne3 Re5 24.g4 h5 25.Qg3 Rg5 26.Rae1 Re8 27.Nef5 gxf5 28.Qxf4 
hxg4 29.fxg4 Qh8+ 30.Qh2 Bxd4 31.cxd4 Rxg4 32.Rg1 Qxd4 33.Rxg4+ fxg4 34.
Rd1 Qe3 35.Rxd7 g3 36.Qh5 Qf4 37.Qe2 Re6 38.Kg1 Rh6 39.Bb3 Qc1+ 40.Rd1 
Qc5+ 0-1

[Event "19th EUR-ch"]
[Site "Batumi GEO"]
[Date "2018.03.27"]
[Round "10.98"]
[White "Olcum, Ahmet"]
[Black "Pechac, Jergus"]
[Result "1/2-1/2"]
[WhiteElo "2257"]
[BlackElo "2440"]
[EventDate "2018.03.17"]
[PlyCount "145"]

1.d4 Nf6 2.Bf4 c5 3.c3 cxd4 4.cxd4 Qb6 5.Qc2 Nc6 6.e3 d5 7.Nc3 Bf5 8.Qb3 
e6 9.Qxb6 axb6 10.Bb5 Bb4 11.Ne2 Ke7 12.O-O Rhc8 13.f3 h6 14.a3 Bxc3 15.
Nxc3 Nh5 16.Bg3 Nxg3 17.hxg3 Bc2 18.Rac1 Bb3 19.Nb1 Ra5 20.Be2 b5 21.Kf2 
f6 22.Rc3 Bc4 23.b3 Bxe2 24.Kxe2 b4 25.axb4 Ra2+ 26.Ke1 Rb2 27.Nd2 Ra8 28.
b5 Nb4 29.Ke2 Kd6 30.Rb1 Rxb1 31.Nxb1 b6 32.f4 g5 33.Nd2 g4 34.e4 Kd7 35.
e5 fxe5 36.fxe5 Ra1 37.Nf1 Na2 38.Rc6 Nc1+ 39.Kf2 Ra2+ 40.Kg1 Nxb3 41.Rd6+
Ke7 42.Rxb6 Nxd4 43.Rb7+ Ke8 44.b6 Rb2 45.Ne3 h5 46.Rh7 Rxb6 47.Rxh5 Ne2+ 
48.Kf2 Rb2 49.Rh8+ Kf7 50.Nxg4 Kg6 51.Rf8 d4 52.Kf3 d3 53.Nf2 Rb3 54.Ke3 
Nxg3 55.Rg8+ Kf5 56.Nxd3 Nf1+ 57.Kd4 Nh2 58.Rf8+ Kg4 59.Nc5 Rb4+ 60.Kc3 
Rb6 61.Rf6 Kg3 62.Rg6+ Kf4 63.Rf6+ Ke3 64.Rg6 Rc6 65.Kc4 Kf4 66.Kb5 Rc8 
67.Rxe6 Ng4 68.g3+ Kf5 69.Rc6 Rxc6 70.Kxc6 Nxe5+ 71.Kd5 Kg4 72.Ne4 Nf3 73.
Kc4 1/2-1/2

[Event "19th EUR-ch"]
[Site "Batumi GEO"]
[Date "2018.03.27"]
[Round "10.99"]
[White "Aleksanian, Hrant"]
[Black "Mazur, Stefan"]
[Result "0-1"]
[WhiteElo "2250"]
[BlackElo "2439"]
[EventDate "2018.03.17"]
[PlyCount "140"]

1.e4 e5 2.Nf3 Nc6 3.Bb5 a6 4.Bxc6 dxc6 5.O-O Bg4 6.h3 Bh5 7.g4 Bg6 8.Nxe5 
Qh4 9.Qf3 f6 10.Nxg6 hxg6 11.Kg2 g5 12.d4 Ne7 13.Rh1 Qh7 14.Kf1 O-O-O 15.
Be3 Qg8 16.Nc3 Kb8 17.Rd1 Ng6 18.d5 Bb4 19.dxc6 Qc4+ 20.Qe2 Rxd1+ 21.Nxd1 
Qxc6 22.f3 Bc5 23.Qc4 Rd8 24.Ke2 b6 25.b4 Ne5 26.Qb3 Qb5+ 27.c4 Qxb4 28.
Nb2 Qa5 29.Rd1 Rxd1 30.Nxd1 Nc6 31.Qb2 Bxe3 32.Nxe3 Qc5 33.Qd2 Qe5 34.Nf1 
Qa1 35.Kf2 Ne5 36.Qd8+ Kb7 37.Qd5+ c6 38.Qd2 Kc7 39.c5 bxc5 40.Qa5+ Kb7 
41.Qa3 Qd4+ 42.Kg2 a5 43.Qxa5 Qd3 44.Qxc5 Qxf3+ 45.Kg1 Qxe4 46.Qe7+ Ka6 
47.Qa3+ Kb5 48.Qb3+ Qb4 49.Qxb4+ Kxb4 50.Kf2 Ka3 51.Ke3 c5 52.Kd2 Kxa2 53.
Kc3 Kb1 54.Nd2+ Kc1 55.Nb3+ Kd1 56.Nxc5 Ke2 57.Ne6 Kf3 58.Nxg7 Kg2 59.Ne8 
Nd7 60.Kd4 Kxh3 61.Kd5 Kxg4 62.Kd6 f5 63.Kxd7 f4 64.Ke6 f3 65.Nf6+ Kh4 66.
Ne4 g4 67.Kf5 g3 68.Kf4 g2 69.Nd2 f2 70.Nf3+ Kh5 0-1

[Event "19th EUR-ch"]
[Site "Batumi GEO"]
[Date "2018.03.27"]
[Round "10.100"]
[White "Yankelevich, Lev"]
[Black "Konaplev, Anton"]
[Result "1/2-1/2"]
[WhiteElo "2437"]
[BlackElo "2337"]
[EventDate "2018.03.17"]
[PlyCount "61"]

1.e4 e6 2.d4 d5 3.Nd2 c5 4.exd5 exd5 5.Ngf3 Nf6 6.Bb5+ Bd7 7.Bxd7+ Nbxd7 
8.O-O Be7 9.dxc5 Nxc5 10.Nb3 Nce4 11.Nfd4 Qd7 12.Qf3 g6 13.c3 O-O 14.Bf4 
Rfe8 15.a4 Rac8 16.Qd3 a6 17.Nf3 Bf8 18.Be3 Bg7 19.Bd4 Nh5 20.Be3 Nhf6 21.
Rfd1 Nd6 22.Nbd2 Qf5 23.Qxf5 Nxf5 24.Nf1 Nd6 25.Bd4 Nc4 26.Ne3 Nxb2 27.
Rdb1 Nd3 28.Rxb7 Nf4 29.Ra2 Ne4 30.g3 Nxc3 31.Bxc3 1/2-1/2

[Event "19th EUR-ch"]
[Site "Batumi GEO"]
[Date "2018.03.27"]
[Round "10.101"]
[White "Mkrtchian, Sargis"]
[Black "Erenberg, Ariel"]
[Result "1/2-1/2"]
[WhiteElo "2224"]
[BlackElo "2415"]
[EventDate "2018.03.17"]
[PlyCount "123"]

1.e4 e5 2.Nf3 Nc6 3.Bb5 a6 4.Ba4 Nf6 5.d3 d6 6.c3 Be7 7.Nbd2 O-O 8.Nf1 b5 
9.Bc2 d5 10.Ng3 Be6 11.exd5 Qxd5 12.O-O Rad8 13.Re1 h6 14.h3 Rfe8 15.Be3 
Qd7 16.Qc1 Bf8 17.b4 Bd5 18.Nd2 Ne7 19.Nde4 Qc6 20.Qb2 Nd7 21.a4 f5 22.
axb5 axb5 23.c4 Bxe4 24.dxe4 f4 25.cxb5 Qxb5 26.Ba4 Qb7 27.Bxd7 Rxd7 28.
Qxe5 fxe3 29.Qe6+ Kh8 30.Qxd7 exf2+ 31.Kxf2 Qb6+ 32.Kf1 Rb8 33.Rab1 Ng6 
34.Qf5 Bxb4 35.Rxb4 Qa6+ 36.Kg1 Rxb4 37.Kh2 Rb2 38.Qg4 Qf6 39.Rf1 Qg5 40.
Qc8+ Kh7 41.Qf5 c5 42.Rd1 c4 43.Rd7 c3 44.Qxg5 hxg5 45.Nf5 Nf4 46.Rxg7+ 
Kh8 47.Rc7 Rxg2+ 48.Kh1 Rc2 49.Ne3 Rc1+ 50.Kh2 Ne6 51.Rc4 Nf4 52.Rc7 Kg8 
53.Nd5 c2 54.Ne3 Re1 55.Nxc2 Rxe4 56.Kg3 Nh5+ 57.Kf3 Nf6 58.Ne3 Rxe3+ 59.
Kxe3 Nd5+ 60.Ke4 Nxc7 61.Kf5 Kg7 62.Ke4 1/2-1/2

[Event "19th EUR-ch"]
[Site "Batumi GEO"]
[Date "2018.03.27"]
[Round "10.102"]
[White "Berchtenbreiter, Maximilian"]
[Black "Petriashvili, Nikoloz"]
[Result "1/2-1/2"]
[WhiteElo "2414"]
[BlackElo "2329"]
[EventDate "2018.03.17"]
[PlyCount "113"]

1.b3 e5 2.Bb2 Nc6 3.c4 g6 4.g3 Bg7 5.Bg2 Nge7 6.e3 d5 7.cxd5 Nxd5 8.a3 Be6
9.Ne2 Qd7 10.Nbc3 Nxc3 11.Bxc3 Bh3 12.Bf3 O-O 13.Rg1 Bg4 14.Bxg4 Qxg4 15.
Nc1 Qe6 16.b4 e4 17.Qb3 Bxc3 18.Qxe6 Bxd2+ 19.Kxd2 fxe6 20.Ke2 Rf5 21.Nb3 
a5 22.bxa5 Nxa5 23.Nd2 Re5 24.Rgb1 Rd8 25.Rb4 Rc5 26.Ra2 b6 27.Nxe4 Rc6 
28.g4 h6 29.h4 Nb7 30.a4 Kg7 31.Nd2 Rc1 32.Nb3 Rb1 33.a5 Ra8 34.Rc4 c5 35.
Rd2 Rxb3 36.Rd7+ Kg8 37.Rxb7 Rb2+ 38.Kf3 Rxa5 39.Ke4 Rxf2 40.Ke5 Ra6 41.
Rf4 Rxf4 42.exf4 b5 43.Rxb5 Rc6 44.Kf6 e5+ 45.Kxe5 c4 46.Kd5 Rc8 47.Rb2 c3
48.Rc2 Kg7 49.Kd4 Rf8 50.Ke3 Rc8 51.Kd3 Rf8 52.Rxc3 Rxf4 53.Rc4 Rf1 54.
Rc7+ Kf6 55.Rc6+ Kg7 56.Ke4 Rh1 57.Rc7+ 1/2-1/2